Normal view MARC view
  • Rusia-Bautismo

Entry NOMBRE GEOGRÁFICO

Number of records used in: 1

001 - NUMERO DE CONTROL DEL REGISTRO

  • Campo de control: 235398

003 - IDENTIFICADOR DEL NUMERO DE CONTROL

  • Campo de control: ES-SlBCS

005 - FECHA Y HORA DE LA ULTIMA TRANSACCION

  • Campo de control: 20210327225435.0

008 - ELEMENTOS DE LONGITUD FIJA

  • Campo de control de longitud fija: 210327|| aca||aabn | a|a d

040 ## - FUENTE DE LA CATALOGACION

  • Agencia que crea de manera original el registro: ES-SlBCS
  • Agencia que realiza la transcripción: ES-SlBCS

151 ## - ENCABEZAMIENTO - NOMBRE GEOGRAFICO

  • Nombre geográfico: Rusia-Bautismo

670 ## - FUENTE EN LA QUE SE LOCALIZARON DATOS

  • Cita de la fuente: Work cat.: (ES-SlBCS)632308: Sachovskoj, D. M. 235397, El significado del bautismo de Rusia en el desarrollo de la cultura rusa

Bibliotecas Dominicos Provincia Hispania, 2016

Con tecnología Koha